000 00313nam a22001217a 4500
003 OSt
008 250222b |||||||| |||| 00| 0 eng d
041 _aeng
100 _aDhama, NS
_97230
245 _aImproved Practices for Pure Cultivation
260 _aNew Delhi:
_bDirectorate of Extension,
_c1999.
942 _cBK
999 _c19439
_d19439